| 000 | 00877nam a22002657a 4500 | ||
|---|---|---|---|
| 999 |
_c174 _d174 |
||
| 001 | 7076 | ||
| 003 | BD-DhUAP | ||
| 005 | 20200119113349.0 | ||
| 008 | 200119t20022001enka b 001 0 eng | ||
| 020 | _a0521785197 (pbk.) | ||
| 040 |
_aDLC _cDLC _dBD-DhUAP |
||
| 042 | _apcc | ||
| 082 | 0 | 0 |
_a005.11 AMB _223 |
| 100 | 1 | _aAmbler, Scott W. | |
| 245 | 1 | 4 |
_aThe object primer : _bthe application developer's guide to object orientation and the UML / _cScott W. Ambler. |
| 250 | _a2nd ed. | ||
| 260 |
_aCambridge [England] : _bCambridge University Press, _c2001 [Reprinted 2002]. |
||
| 300 |
_axxiii, 523 pages : _billustrations ; _c23 cm. |
||
| 440 | 0 | _aManaging object technology series ; | |
| 504 | _aIncludes bibliographical references and index. | ||
| 650 | 0 | _aObject-oriented methods (Computer science) | |
| 650 | 0 | _aComputer software | |
| 650 | 0 | _aUML | |
| 942 |
_2ddc _cBK |
||